LEADER 01144nam0 2200301 450 001 000024636 005 20090212130543.0 100 $a20090212d1981----km-y0itaa50------ba 101 0 $aita 102 $aIT 200 1 $aAttore musica e scena$ela messa in scena del dramma wagneriano$ela musica e la messa in scena$el'opera d'arte vivente$fAdolphe Appia$gintroduzione e cura di Ferruccio Marotti 205 $a2. ed. 210 $aMilano$cFeltrinelli$d1981 215 $a251 p., 16 p. di tav.$cill.$d23 cm 225 1 $a<> fatti e le idee$v308 410 0$12001$a<> fatti e le idee$v308 606 1 $aMessinscena 676 $a792$v(21. ed.)$9Rappresentazioni sceniche 700 1$aAppia,$bAdolphe$0220771 702 1$aMarotti,$bFerruccio 801 0$aIT$bUniversità della Basilicata - B.I.A.$gRICA$2unimarc 912 $a000024636 996 $aAttore musica e scena$992076 997 $aUNIBAS BAS $aLETTERE CAT $aEXT10$b01$c20090212$lBAS01$h1305 FMT Z30 -1$lBAS01$LBAS01$mBOOK$1BASA1$APolo Storico-Umanistico$2FMAS$BFondo Masini$3FMas/817/1404$6817/1404$5B817/1404$820090212$f04$FPrestabile Didattica LEADER 02817nam 22004573a 450 001 9910346830203321 005 20250203232820.0 010 $a9783845233277 010 $a3845233273 035 $a(CKB)4340000000010294 035 $a(oapen)https://directory.doabooks.org/handle/20.500.12854/49182 035 $a(ScCtBLL)0e39e518-6b30-403e-8b02-8623b01c5f42 035 $a(OCoLC)1163816211 035 $a(oapen)doab49182 035 $a(EXLCZ)994340000000010294 100 $a20250203i20112019 uu 101 0 $ager 135 $aurmn|---annan 181 $ctxt$2rdacontent 182 $cc$2rdamedia 183 $acr$2rdacarrier 200 00$aHegels praktische Philosophie und das ''Projekt der Moderne'' : $eVortrag gehalten am 24. November 2010 /$fLudwig Siep 205 $a1 ed. 210 $cNomos Verlagsgesellschaft mbH & Co. KG$d2011 210 1$aBaden-Baden :$cNomos Verlagsgesellschaft mbH & Co. KG,$d2011. 215 $a1 online resource (1 p.) 225 1 $aWürzburger Vorträge zur Rechtsphilosophie, Rechtstheorie und Rechtssoziologie 311 08$a9783832967659 311 08$a3832967656 330 $a Hegels Philosophie des objektiven Geistes hat nach wie vor große Bedeutung für die praktische Philosophie und die Rechtsphilosophie der Gegenwart. Von der "Rehabilitierung der praktischen Philosophie" im letzten Drittel des 20. Jahrhunderts über die neuen Ansätze einer "Sozialpathologie" in der Frankfurter Schule bis zu der neopragmatistischen Hegel-Renaissance in den USA lässt sich diese Wirkung verfolgen. Bis heute wenig geklärt ist aber, wie Hegel selber den Begriff und die Epoche der Moderne versteht. Umstritten ist auch, wie weit Hegel dem "Projekt der Moderne" (Habermas), d.h. zentralen Forderungen der Rechts- und Staatsphilosophie seit der Aufklärung, verpflichtet ist. Das wird in diesem Text an folgenden ausgewählten Fragen untersucht: der Problematik von Grundrechten und staatlicher Souveränität, bürgerlicher Marktgesellschaft und den Anfängen des Sozialstaates sowie dem Verhältnis von Staat und Religion. Dabei erweist sich, dass die Philosophie Hegels einerseits mit wesentlichen Forderungen der Moderne übereinstimmt. Auf der anderen Seite bleiben ihm - anders als viele seiner heutigen Interpreten meinen - wichtige "moderne" Entwicklungen verschlossen, vor allem auf dem Gebiet der Rechtsstaatlichkeit, der Souveränitätsbeschränkung und des weltanschaulichen Pluralismus. 606 $aLaw / Reference$2bisacsh 606 $aLaw 615 7$aLaw / Reference 615 0$aLaw. 700 $aSiep$b Ludwig$0152088 801 0$bScCtBLL 801 1$bScCtBLL 906 $aBOOK 912 $a9910346830203321 996 $aHegels praktische Philosophie und das ''Projekt der Moderne'$93039063 997 $aUNINA